Acerca del cielo. Meteorológicos

Guardado en:
Bibliografiske detaljer
Hovedforfatter: Aristóteles
Format: Bog
Sprog:Undetermined
Udgivet: Madrid, España Editorial Gredos 1996
Fag:
Tags: Tilføj Tag
Ingen Tags, Vær først til at tagge denne postø!

MARC

LEADER 00000nam a2200000Ia 4500
008 170316s9999 xx 000 0 und d
040 |a cru BVZT 
090 |a 100 A-36ac 
100 |a Aristóteles 
245 |a Acerca del cielo. Meteorológicos 
260 |a Madrid, España 
260 |b Editorial Gredos 
260 |c 1996 
300 |a 430 páginas 
520 |b De la colección de la Biblioteca Clásica de Gredos dedicada a Aristóteles, en el presente volumen se ofrecen dos de las obras más importantes donde el Estagirita expone su teoría cosmológica, es decir, de la organización y naturaleza de los astros, el universo y los elementos naturales. Aquí se complementa desde una perspectiva física, que en Aristóteles nunca deja de tener su base ontológica. En el tratado Acerca del cielo (o Sobre el cielo que también se suele llamar), el filósofo plantea que los cuerpos celestes tiene un movimiento distinto al de las entidades sublunares (terrestres), pues el suyo es perfecto y se rige a partir de leyes distintas a las del mundo sublunar. Mientras que por otro lado, los Meteorológicos representa posiblemente la primera obra estructurada a modo de tratado sobre las primeras teorías respecto a distintas ciencias consolidadas contemporáneamente en el mundo científico, tales como la geología, la geografía, la hidrología, la vulcanología y, por supuesto, la meteorología.  
650 |a FILOSOFÍA  |9 5 
999 |c 15543  |d 15543 
942 |c SALA  |h 100 A-36ac  |2 z